000 00637nam a2200229 a 4500
001 BRL_77
005 20190320210558.0
008 821217s1966 gw-#######---#000-0#ger-#
040 _aDLC
_cCarP
_dDLC
041 _ager
044 _agw
050 4 _aPT2613
_b.G68 1966
100 1 _aGotsche, Otto
_d1904-1985
_922843
245 1 0 _aGefahren und Gefährten
_bErzählungen und Skizzen
_cOtto Gotsche.
260 _aHalle (Saale)
_bMitteldeutscher
_c1966
300 _a227 p.
_c20 cm.
500 _aIncluye dedicatoria a Ruth Lechuga
500 _aAu127
650 1 4 _aLiteratura Alemana
_vNovela
_922844
902 _aGRL
942 _2lcc
_cB
999 _c8890
_d8890